Cases in healthcare finance : (Record no. 493)

000 -LEADER
fixed length control field 01323nam a22003497a 4500
001 - CONTROL NUMBER
control field 12846157
003 - CONTROL NUMBER IDENTIFIER
control field OSt
005 - DATE AND TIME OF LATEST TRANSACTION
control field 20210420064234.0
008 - FIXED-LENGTH DATA ELEMENTS--GENERAL INFORMATION
fixed length control field 020708s2003 ilua 000 0 eng
010 ## - LIBRARY OF CONGRESS CONTROL NUMBER
LC control number 2002027624
020 ## - INTERNATIONAL STANDARD BOOK NUMBER
International Standard Book Number 1567932002 (pbk. : alk. paper)
040 ## - CATALOGING SOURCE
Original cataloging agency eng
Transcribing agency DLC
Modifying agency eng
041 ## - LANGUAGE CODE
Language code of text/sound track or separate title eng
042 ## - AUTHENTICATION CODE
Authentication code pcc
050 00 - LIBRARY OF CONGRESS CALL NUMBER
Classification number RA971.3
Item number .G367 2003
080 ## - UNIVERSAL DECIMAL CLASSIFICATION NUMBER
Universal Decimal Classification number 614
Item number C-20
082 00 - DEWEY DECIMAL CLASSIFICATION NUMBER
Classification number 362.1/068/1
Edition number 21
100 1# - MAIN ENTRY--PERSONAL NAME
Personal name Gapenski, Louis C.
245 10 - TITLE STATEMENT
Title Cases in healthcare finance :
Remainder of title includes diskette with student case models /
Statement of responsibility, etc. Louis C. Gapenski.
250 ## - EDITION STATEMENT
Edition statement 2nd ed.
260 ## - PUBLICATION, DISTRIBUTION, ETC.
Place of publication, distribution, etc. Chicago :
Name of publisher, distributor, etc. Health Administration Press ;
Place of publication, distribution, etc. Washington, DC :
Name of publisher, distributor, etc. AUPHA,
Date of publication, distribution, etc. c2003.
300 ## - PHYSICAL DESCRIPTION
Extent xiii, 233 p. :
Other physical details ill. ;
Dimensions 28 cm. +
Accompanying material 1 floppy disk (3 1/2 in.)
538 ## - SYSTEM DETAILS NOTE
System details note System requirements for accompanying floppy disk: Excel 97.
650 #0 - SUBJECT ADDED ENTRY--TOPICAL TERM
Topical term or geographic name entry element Health facilities
General subdivision Finance
Form subdivision Case studies.
650 #0 - SUBJECT ADDED ENTRY--TOPICAL TERM
Topical term or geographic name entry element Medical care
General subdivision Finance
Form subdivision Case studies.
650 #0 - SUBJECT ADDED ENTRY--TOPICAL TERM
Topical term or geographic name entry element Public Health
9 (RLIN) 337
653 ## - INDEX TERM--UNCONTROLLED
Uncontrolled term საზოგადოებრივი ჯანდაცვა
653 ## - INDEX TERM--UNCONTROLLED
Uncontrolled term ჯანდაცვის ფინანსები
906 ## - LOCAL DATA ELEMENT F, LDF (RLIN)
a 7
b cbc
c orignew
d 1
e ocip
f 20
g y-gencatlg
942 ## - ADDED ENTRY ELEMENTS (KOHA)
Source of classification or shelving scheme
Koha item type Books
Edition 2
Holdings
Withdrawn status Lost status Source of classification or shelving scheme Damaged status Not for loan Permanent location Current location Date acquired Inventory number Total Checkouts Full call number Barcode Date last seen Price effective from Koha item type
          Ken Walker International University Ken Walker International University 11/27/2020 879   614 C-20 879 11/27/2020 11/27/2020 Books

Powered by Koha